Z jakiego filmu to piosenka? (polskie filmy) - Statystyki

Ogólne statystyki
  • Ten quiz został rozwiązany 38 razy
    25 od ostatniego zresetowania
  • Średni wynik to 6 z 13
Statystyki odpowiedzi
Fragment Wykonawca Tytuł filmu % Poprawnych
40 lat minęło jak jeden dzieńJuż bliżej jest niż dalej, o tym wiesz 40 lat minęło, odeszło w cień I nigdy już nie wróci, rób, co chcesz Andrzej Rosiewicz Czterdziestolatek
94%
Róża czerwono, biało kwitnie bezNikt z nas nie pęka, chociaż krucho jest Wzgórza przejdziemy, wodą popijmy Kuchnie polowe diabli wiedzą gdzie Andrzej Żarnecki Jak rozpętałem II wojnę światową
72%
I co ja robię tu (u-u, co Ty tutaj robisz)Dwanaście ciężkich szczerozłotych koron moją głowę zdobi Jest tyle różnych dróg (u-u, co Ty tutaj robisz) Kolejny piękny marmurowy pomnik koło domu stoi Elektryczne gitary Kiler
67%
Nie ma róży bez miłości.Daj mi więc ten kwia-a-at. Nie ma róży bez zazdrości, Daj mi ten czerwony kwiat. Stanisława Celińska Nie ma róży bez ognia
61%
Hej młody Junaku, smutek zwalcz i strach! Przecież na tym piachu za trzydzieści lat, przebiegnie z pewnością jasna, długa, prosta, szeroka jak morze Trasa Łazienkowska Paweł Wawrzecki Miś
50%
Niebo świeci pogodnie, od bruków coraz chłodniej,Dobrze być tylko przechodniem, ulicą życia iść. Była nam kiedyś dana ______ __________, Niezabliźniona rana, zielony młody liść… Daniel Olbrychski, Wojciech Pszoniak, Andrzej Seweryn Ziemia obiecana
44%
Jedno życie a spraw tyleUgryźć sam nie jesteś w stanie Któż zastąpi cię na chwilę Solidarnie da ci zmianę Zmniejszy trosk twych utarg dzienny Lekko łatwo I przyjemnie Zaufania godny zmiennik I na odwrót I wzajemnie Przemysław Gintrowski Zmiennicy
33%
Przyjmą kobiety nas pod swój dachI spójrz, będą śmiać się przez łzy Znowu do tańca ktoś zagra nam Może już Za dzień, za dwa Za noc, za trzy Choć nie dziś Edmund Fetting Prawo i pięść
28%
Podaj mi rękę, opowiem ci piosenkęChcę kochać ciebie z każdym dniem więcej Na sztos rzuciłem dla ciebie życia los Na sztos rzuciliśmy swój życia los, życia los Kazik Staszewski Sztos
28%
O szczęście trzeba grać vabank, vabank, Z fortuną tak to zwykle bywa, Kto nie naraża nigdy się na szwank, Ten głównej stawki nie wygrywa, Vabank o szczęście trzeba z życiem grać, Bo ono kpi z ostrożnych graczy, Fortunę trzeba dużą stawką grać, Z tą Panią nie da się inaczej. Jacek Chmielnik Vabank II, czyli riposta
28%
Piosenka radość w nas wyzwala,laj la la la; laj la la la, wspólnego śpiewu rośnie fala, laj la la la; laj la la la. Gdy płyną dźwięki tej piosenki, laj la la la; laj la la la, każdy się robi w sercu miękki, laj la la la; laj la la la. Jerzy Stuhr Wodzirej
28%
Czy to warto prochy ćpaćCzy to warto leki pić Plaster maść na siebie kłaść Czy w ogóle warto żyć Warto ale po co zwlekasz Poproś niech cię zbada lekarz Ryszard Pracz Co mi zrobisz jak mnie złapiesz
11%
Gdy ci życie ucieka kochanyTo nie goń go Gdy już tydzień chodzisz jak we śnie To nie łudź się Małe piwko małe piwko z korzeniami Wyrośnie ci Małe piwko małe piwko z korzeniami Zaśpiewa ci Zdzisław Maklakiewicz Przyjęcie na dziesięć osób plus trzy
6%
Nie znaleziono quizów pasujących do podanych kryteriów
Rozkład punktacji
Procent ludzi z każdym wynikiem
Percentyl według liczby udzielonych odpowiedzi
Twoja historia wyników
Nie rozwiązałeś tego quizu od ostatniego zresetowania